[Event "ESP-ch 74th"]
[Site "Palma de Mallorca"]
[Date "2009.10.04"]
[Round "9"]
[White "Valmana Canto, Jaime"]
[Black "Cuenca Jimenez, Jose Fernando"]
[Result "1/2-1/2"]
[WhiteElo "2332"]
[BlackElo "2460"]
[PlyCount "226"]
[EventDate "2009.09.26"]
[EventType "swiss"]
[EventRounds "9"]
[EventCountry "ESP"]
[SourceTitle "CBM 132 Extra"]
[Source "ChessBase"]
[SourceDate "2009.11.03"]
[SourceVersion "1"]
[SourceVersionDate "2009.11.03"]
[SourceQuality "1"]

1. Nf3 Nf6 2. c4 g6 3. Nc3 Bg7 4. e4 d6 5. d4 O-O 6. Be2 Na6 7. O-O e5 8. Be3
Ng4 9. Bg5 Qe8 10. c5 h6 11. Bh4 exd4 12. Nd5 g5 13. Bg3 c6 14. Bxd6 cxd5 15.
exd5 b6 16. Nxd4 bxc5 17. Nc6 Qd7 18. Ne7+ Kh8 19. Nxc8 Rfxc8 20. Bg3 c4 21.
Bxg4 f5 22. Bf3 f4 23. Bg4 Qd6 24. Bxc8 Rxc8 25. Qg4 Rf8 26. h4 fxg3 27. fxg3
Rg8 28. Qxc4 gxh4 29. Qxh4 Nb4 30. Rad1 Nc2 31. Rf3 Qc5+ 32. Kh1 Ne3 33. Rf6
Qc2 34. Rxh6+ Bxh6 35. Qxh6+ Qh7 36. Qxh7+ Kxh7 37. Rd4 Rd8 38. d6 Nf5 39. Rc4
Kg6 40. Rc7 Rxd6 41. Rxa7 Kg5 42. Kh2 Rd2 43. b3 Rd8 44. Ra5 Kg4 45. Ra4+ Nd4
46. Rc4 Kf5 47. g4+ Kxg4 48. Kg1 Kf4 49. Kf2 Ke4 50. Rc3 Rf8+ 51. Ke1 Ra8 52.
a4 Rb8 53. Kf2 Nxb3 54. Re3+ Kd4 55. Re7 Nc5 56. g4 Rb3 57. g5 Ne4+ 58. Kg2
Rg3+ 59. Kh2 Rxg5 60. Kh3 Ke3 61. Kh4 Rg6 62. Kh5 Rg1 63. a5 Rg5+ 64. Kh4 Rxa5
65. Re8 Ra1 66. Kg4 Rf1 67. Kh5 Rg1 68. Kh4 Rg7 69. Kh5 Kf4 70. Rf8+ Ke5 71.
Kh4 Nf6 72. Kh3 Rg6 73. Ra8 Kf4 74. Kh2 Ng4+ 75. Kh3 Rh6+ 76. Kg2 Rh2+ 77. Kf1
Rb2 78. Ke1 Nf2 79. Ra3 Ke4 80. Kf1 Nd3 81. Ra8 Kf3 82. Rf8+ Nf4 83. Ke1 Rh2
84. Kd1 Ke3 85. Re8+ Kd4 86. Rd8+ Nd5 87. Ke1 Ke3 88. Re8+ Kf3 89. Rf8+ Nf4 90.
Kd1 Ra2 91. Kc1 Ra6 92. Kd2 Rc6 93. Rf7 Re6 94. Rf8 Ke4 95. Ra8 Rd6+ 96. Ke1
Ke3 97. Re8+ Kf3 98. Rf8 Rd7 99. Rf6 Ke3 100. Rf8 Ng2+ 101. Kf1 Rd2 102. Re8+
Kf3 103. Rf8+ Nf4 104. Ke1 Rd7 105. Rf6 Ke3 106. Rf8 Re7 107. Kf1 Ra7 108. Rf6
Kd2 109. Re6 Nd3 110. Rd6 Rg7 111. Rd8 Rg4 112. Rd7 Ke3 113. Re7+ Kf3 1/2-1/2

[Event "Malaga op 13th"]
[Site "Malaga"]
[Date "2010.02.20"]
[Round "1"]
[White "Moreno Cervera, Jose Luis"]
[Black "Cuenca Jimenez, Jose Fernando"]
[Result "0-1"]
[WhiteElo "1929"]
[BlackElo "2453"]
[PlyCount "50"]
[EventDate "2010.02.20"]
[EventType "swiss"]
[EventRounds "9"]
[EventCountry "ESP"]
[SourceTitle "CBM 135 Extra"]
[Source "ChessBase"]
[SourceDate "2010.05.04"]
[SourceVersion "1"]
[SourceVersionDate "2010.05.04"]
[SourceQuality "1"]

1. d4 Nf6 2. Bf4 g6 3. e3 Bg7 4. Nf3 d6 5. Be2 O-O 6. O-O Nc6 7. h3 Nd7 8. c4
e5 9. Bg5 f6 10. Bh4 g5 11. Bg3 f5 12. dxe5 dxe5 13. Nc3 e4 14. Ne1 Nce5 15.
Qd5+ Kh8 16. Rd1 Qe7 17. Na4 c6 18. Qd2 Qf7 19. Qc2 f4 20. exf4 gxf4 21. Bh2 f3
22. gxf3 exf3 23. Bd3 Qh5 24. h4 Qxh4 25. Bf5 Qg5+ 0-1

[Event "Malaga op 13th"]
[Site "Malaga"]
[Date "2010.02.21"]
[Round "2"]
[White "Cuenca Jimenez, Jose Fernando"]
[Black "James, David J"]
[Result "1-0"]
[WhiteElo "2453"]
[BlackElo "2110"]
[PlyCount "81"]
[EventDate "2010.02.20"]
[EventType "swiss"]
[EventRounds "9"]
[EventCountry "ESP"]
[SourceTitle "CBM 135 Extra"]
[Source "ChessBase"]
[SourceDate "2010.05.04"]
[SourceVersion "1"]
[SourceVersionDate "2010.05.04"]
[SourceQuality "1"]

1. Nf3 Nf6 2. c4 e6 3. Nc3 Bb4 4. g4 O-O 5. g5 Ne8 6. Qc2 d5 7. e3 Nc6 8. d4 e5
9. Nxe5 Nxe5 10. dxe5 d4 11. a3 dxc3 12. axb4 cxb2 13. Bxb2 Qxg5 14. Bd3 Qh5
15. Rg1 f6 16. exf6 Nxf6 17. Ra5 Qh6 18. Rag5 Rf7 19. Be5 Be6 20. Bf4 Nh5 21.
Bxh7+ Qxh7 22. Qxh7+ Kxh7 23. Rxh5+ Kg8 24. Be5 Rd8 25. Rhg5 Rdd7 26. c5 Bb3
27. Bd4 Rfe7 28. Kd2 c6 29. Kc3 Bd5 30. f4 Be4 31. f5 Kf8 32. R1g4 Bb1 33. Rh5
Rf7 34. e4 Ke8 35. Rh8+ Rf8 36. Rh7 Rff7 37. Rhxg7 Rxg7 38. Bxg7 b6 39. h4 bxc5
40. bxc5 Re7 41. Kd4 1-0

[Event "Malaga op 13th"]
[Site "Malaga"]
[Date "2010.02.21"]
[Round "3"]
[White "Nava Baro, Enrique"]
[Black "Cuenca Jimenez, Jose Fernando"]
[Result "0-1"]
[WhiteElo "2208"]
[BlackElo "2453"]
[PlyCount "76"]
[EventDate "2010.02.20"]
[EventType "swiss"]
[EventRounds "9"]
[EventCountry "ESP"]
[SourceTitle "CBM 135 Extra"]
[Source "ChessBase"]
[SourceDate "2010.05.04"]
[SourceVersion "1"]
[SourceVersionDate "2010.05.04"]
[SourceQuality "1"]

1. d4 Nf6 2. c4 g6 3. Nc3 Bg7 4. e4 d6 5. Nf3 O-O 6. Be3 e5 7. dxe5 dxe5 8.
Qxd8 Rxd8 9. Nd5 Nxd5 10. cxd5 c6 11. Bc4 b5 12. Bb3 Bb7 13. O-O-O cxd5 14.
exd5 Nd7 15. Rd2 Rac8+ 16. Rc2 Rxc2+ 17. Kxc2 a5 18. a3 a4 19. Ba2 Nf6 20. Bg5
Rc8+ 21. Kb1 Nxd5 22. Rd1 Nb6 23. Rd6 Nc4 24. Bxc4 bxc4 25. Nd2 Bxg2 26. Nxc4
Be4+ 27. Ka1 h6 28. Rd8+ Rxd8 29. Bxd8 Bc2 30. Ba5 f5 31. Bc3 e4 32. Bxg7 Kxg7
33. b4 axb3 34. Kb2 f4 35. a4 e3 36. fxe3 f3 37. Nd2 f2 38. Kc3 Bd1 0-1

[Event "Malaga op 13th"]
[Site "Malaga"]
[Date "2010.02.22"]
[Round "4"]
[White "Cuenca Jimenez, Jose Fernando"]
[Black "Strikovic, Aleksa"]
[Result "0-1"]
[WhiteElo "2453"]
[BlackElo "2531"]
[PlyCount "112"]
[EventDate "2010.02.20"]
[EventType "swiss"]
[EventRounds "9"]
[EventCountry "ESP"]
[SourceTitle "CBM 135 Extra"]
[Source "ChessBase"]
[SourceDate "2010.05.04"]
[SourceVersion "1"]
[SourceVersionDate "2010.05.04"]
[SourceQuality "1"]

1. e4 c5 2. Nf3 e6 3. g3 Nc6 4. Bg2 Nf6 5. d3 d5 6. Qe2 Be7 7. O-O b5 8. e5 Nd7
9. h4 h6 10. h5 Qc7 11. Re1 Bb7 12. a4 b4 13. c4 dxc4 14. dxc4 Nd4 15. Nxd4
cxd4 16. Bxb7 Qxb7 17. Nd2 Nc5 18. Ne4 O-O-O 19. Nxc5 Bxc5 20. Qd3 b3 21. Re4
g6 22. Bd2 Kb8 23. Rf4 Ka8 24. hxg6 fxg6 25. Qxg6 d3 26. Qe4 Qxe4 27. Rxe4 Rd4
28. Rf4 h5 29. Rd1 Rhd8 30. Be3 Rxf4 31. gxf4 Bb4 32. Kg2 Kb7 33. Kf3 d2 34. f5
exf5 35. Kf4 h4 36. Kxf5 h3 37. Bf4 Rd4 38. e6 Kc6 39. Be3 Rd8 40. c5 h2 41. e7
Rh8 42. Bd4 Re8 43. Ke6 Bxc5 44. Bxc5 Kxc5 45. f4 Rh8 46. Rh1 Kc4 47. f5 Kd3
48. f6 Kc2 49. f7 d1=Q 50. Rxd1 Kxd1 51. e8=Q h1=Q 52. Qd7+ Kc2 53. Qc7+ Kxb2
54. f8=Q Qe4+ 55. Kd6 Rxf8 56. Qg7+ Ka2 0-1

[Event "Malaga op 13th"]
[Site "Malaga"]
[Date "2010.02.23"]
[Round "5"]
[White "Serna Lara, Sergio"]
[Black "Cuenca Jimenez, Jose Fernando"]
[Result "1/2-1/2"]
[WhiteElo "2263"]
[BlackElo "2453"]
[PlyCount "85"]
[EventDate "2010.02.20"]
[EventType "swiss"]
[EventRounds "9"]
[EventCountry "ESP"]
[SourceTitle "CBM 135 Extra"]
[Source "ChessBase"]
[SourceDate "2010.05.04"]
[SourceVersion "1"]
[SourceVersionDate "2010.05.04"]
[SourceQuality "1"]

1. d4 Nf6 2. c4 g6 3. Nc3 Bg7 4. e4 d6 5. Nf3 O-O 6. Be2 Na6 7. O-O e5 8. Re1
c6 9. d5 cxd5 10. cxd5 Nc5 11. Qc2 a5 12. Be3 b6 13. Nd2 Bd7 14. Bxc5 bxc5 15.
Bb5 Bc8 16. Nc4 Ra7 17. Bc6 Ba6 18. Bb5 Ne8 19. Bxa6 Rxa6 20. a4 f5 21. f3 f4
22. Qe2 Ra7 23. Nb5 Ra8 24. Ra3 g5 25. Rb3 h5 26. Nba3 Rf7 27. Rc1 Bf8 28. Rcc3
Rg7 29. Rb5 Nc7 30. Rxa5 Rxa5 31. Nxa5 Qa8 32. N3c4 Na6 33. Nc6 Nb4 34. Nb6 Qb7
35. Qb5 g4 36. a5 h4 37. fxg4 Rxg4 38. Nxb4 cxb4 39. Rf3 Qg7 40. Qe2 Qa7 41.
Qb5 Qg7 42. Qe2 Qa7 43. Qb5 1/2-1/2

[Event "Malaga op 13th"]
[Site "Malaga"]
[Date "2010.02.24"]
[Round "6"]
[White "Cuenca Jimenez, Jose Fernando"]
[Black "Naranjo Moreno, Antonio"]
[Result "1-0"]
[WhiteElo "2453"]
[BlackElo "2290"]
[PlyCount "57"]
[EventDate "2010.02.20"]
[EventType "swiss"]
[EventRounds "9"]
[EventCountry "ESP"]
[SourceTitle "CBM 135 Extra"]
[Source "ChessBase"]
[SourceDate "2010.05.04"]
[SourceVersion "1"]
[SourceVersionDate "2010.05.04"]
[SourceQuality "1"]

1. Nf3 Nf6 2. c4 g6 3. Nc3 Bg7 4. e4 d6 5. d4 O-O 6. Be2 e5 7. d5 a5 8. O-O Na6
9. Qc2 Nc5 10. Bg5 h6 11. Be3 b6 12. Nd2 Bd7 13. b3 Nh7 14. a3 f5 15. f3 f4 16.
Bf2 a4 17. b4 Nb3 18. Nxb3 axb3 19. Qxb3 g5 20. c5 h5 21. cxd6 cxd6 22. Nb5 g4
23. Rfc1 Ng5 24. Nc7 Rf6 25. Nxa8 Rg6 26. Nxb6 gxf3 27. Bxf3 Bh3 28. Kf1 Nxf3
29. Qxf3 1-0

[Event "Malaga op 13th"]
[Site "Malaga"]
[Date "2010.02.25"]
[Round "7"]
[White "Fenollar Jorda, Manuel"]
[Black "Cuenca Jimenez, Jose Fernando"]
[Result "0-1"]
[WhiteElo "2328"]
[BlackElo "2453"]
[PlyCount "118"]
[EventDate "2010.02.20"]
[EventType "swiss"]
[EventRounds "9"]
[EventCountry "ESP"]
[SourceTitle "CBM 135 Extra"]
[Source "ChessBase"]
[SourceDate "2010.05.04"]
[SourceVersion "1"]
[SourceVersionDate "2010.05.04"]
[SourceQuality "1"]

1. d4 Nf6 2. c4 c5 3. d5 b5 4. cxb5 a6 5. bxa6 g6 6. Nc3 d6 7. e4 Bxa6 8. Bxa6
Nxa6 9. Nf3 Bg7 10. O-O O-O 11. Qe2 Qa5 12. Bg5 Nc7 13. Rad1 Rfe8 14. Nd2 Nd7
15. Nc4 Qa6 16. Qd3 Ne5 17. Nxe5 Bxe5 18. Qxa6 Rxa6 19. Rd2 f6 20. Be3 f5 21.
exf5 gxf5 22. f4 Bf6 23. Rc1 Rea8 24. Rcc2 Ra5 25. Kf2 Kf7 26. a3 Rb8 27. Na2
Rb3 28. Nc1 Rb7 29. Na2 Na6 30. Re2 Rab5 31. Bc1 Bd4+ 32. Ke1 Nc7 33. Nc3 Rb3
34. Kd2 h5 35. h3 h4 36. Kd1 Bxc3 37. Rxc3 Rxc3 38. bxc3 Nxd5 39. Rc2 c4 40.
Bd2 Rb1+ 41. Rc1 Rb3 42. Ra1 Nxc3+ 43. Bxc3 Rxc3 44. a4 Rg3 45. a5 Rxg2 46. Ra4
d5 47. a6 Rg8 48. a7 Ra8 49. Kd2 e5 50. Ra6 exf4 51. Ke2 d4 52. Ra4 d3+ 53. Kd2
Kf6 54. Ra5 Kg5 55. Ra6 f3 56. Ke3 f2 57. Kxf2 c3 58. Ke3 d2 59. Ke2 Re8+ 0-1

[Event "Malaga op 13th"]
[Site "Malaga"]
[Date "2010.02.27"]
[Round "9"]
[White "Cuenca Jimenez, Jose Fernando"]
[Black "Rodriguez Lopez, Rafael"]
[Result "1-0"]
[WhiteElo "2453"]
[BlackElo "2314"]
[PlyCount "51"]
[EventDate "2010.02.20"]
[EventType "swiss"]
[EventRounds "9"]
[EventCountry "ESP"]
[SourceTitle "CBM 135 Extra"]
[Source "ChessBase"]
[SourceDate "2010.05.04"]
[SourceVersion "1"]
[SourceVersionDate "2010.05.04"]
[SourceQuality "1"]

1. Nf3 d5 2. d4 Nf6 3. c4 c6 4. Qb3 dxc4 5. Qxc4 e6 6. Nc3 b5 7. Qd3 Nbd7 8. e4
b4 9. Na4 Qa5 10. b3 Bb7 11. Be2 Be7 12. O-O Rc8 13. e5 Nd5 14. Bd2 Qd8 15.
Rac1 c5 16. dxc5 O-O 17. Qd4 a5 18. Bb5 Bc6 19. Bxc6 Rxc6 20. Qg4 Re8 21. Nd4
Ra6 22. c6 Nxe5 23. Qe2 Nc7 24. Bf4 f6 25. Bxe5 fxe5 26. Nxe6 1-0

[Event "La Roda op 37th"]
[Site "La Roda"]
[Date "2010.03.31"]
[Round "1"]
[White "Cuenca Jimenez, Jose Fernando"]
[Black "Lopez Perez, Alberto Jose"]
[Result "1-0"]
[WhiteElo "2453"]
[BlackElo "1997"]
[PlyCount "97"]
[EventDate "2010.03.31"]
[EventType "swiss"]
[EventRounds "9"]
[EventCountry "ESP"]
[SourceTitle "CBM 135 Extra"]
[Source "ChessBase"]
[SourceDate "2010.05.04"]
[SourceVersion "1"]
[SourceVersionDate "2010.05.04"]
[SourceQuality "1"]

1. Nf3 Nc6 2. d4 d5 3. e3 Bg4 4. c4 e6 5. Nbd2 Nf6 6. Qa4 Nd7 7. cxd5 Nb6 8.
Qc2 Nb4 9. Qb1 Qxd5 10. a3 Nc6 11. Bd3 Qh5 12. h3 Bd6 13. b4 Rd8 14. Bb2 O-O
15. Bxh7+ Kh8 16. Bd3 f5 17. Qc2 Nd5 18. b5 Nce7 19. Nh2 Qh4 20. Ndf3 Bxf3 21.
Nxf3 Qh6 22. Qe2 c6 23. a4 g5 24. g3 Kg8 25. h4 g4 26. Ng5 Rde8 27. e4 Nf6 28.
Bc1 Nh5 29. e5 Bb4+ 30. Kf1 Nd5 31. Kg2 Qg7 32. Kh2 Bc3 33. Bb2 f4 34. Rhf1
Bxb2 35. Qxb2 fxg3+ 36. fxg3 Ne3 37. Rxf8+ Rxf8 38. Nxe6 Qf7 39. Nxf8 Qf3 40.
Rg1 Nf4 41. Nd7 Nxd3 42. Qd2 Nf4 43. Nf6+ Kh8 44. Re1 Nfg2 45. Rc1 Nxh4 46. Qa2
Nd5 47. Nxd5 cxd5 48. Rc8+ Kg7 49. gxh4 1-0

[Event "La Roda op 37th"]
[Site "La Roda"]
[Date "2010.04.01"]
[Round "3"]
[White "Cuenca Jimenez, Jose Fernando"]
[Black "Pardo Simon, David"]
[Result "1-0"]
[WhiteElo "2453"]
[BlackElo "2316"]
[PlyCount "94"]
[EventDate "2010.03.31"]
[EventType "swiss"]
[EventRounds "9"]
[EventCountry "ESP"]
[SourceTitle "CBM 135 Extra"]
[Source "ChessBase"]
[SourceDate "2010.05.04"]
[SourceVersion "1"]
[SourceVersionDate "2010.05.04"]
[SourceQuality "1"]

1. Nf3 Nf6 2. c4 b6 3. g3 Bb7 4. Bg2 e6 5. O-O Be7 6. Nc3 O-O 7. b3 d6 8. d4
Ne4 9. Nxe4 Bxe4 10. Bh3 c5 11. Nd2 Bb7 12. d5 Bf6 13. Rb1 exd5 14. Bg2 Na6 15.
cxd5 Nb4 16. a3 Nxd5 17. Qc2 Qc7 18. Ne4 Be5 19. Rd1 Nf6 20. Nxf6+ Bxf6 21.
Bxb7 Qxb7 22. Rxd6 Rfe8 23. Be3 Qe7 24. Rd2 Rad8 25. Rbd1 Rxd2 26. Rxd2 Rd8 27.
Rxd8+ Qxd8 28. Qc4 h6 29. h4 Qd7 30. a4 Be5 31. Kg2 Qb7+ 32. f3 Qd7 33. Bf2 Bf6
34. h5 Be5 35. g4 Bc7 36. Qd3 Qxd3 37. exd3 Be5 38. Bg3 Bxg3 39. Kxg3 Kf8 40.
Kf4 g6 41. Ke5 Kg7 42. a5 f5 43. Ke6 fxg4 44. fxg4 gxh5 45. gxh5 Kg8 46. axb6
axb6 47. Kf6 Kh7 1-0

[Event "La Roda op 37th"]
[Site "La Roda"]
[Date "2010.04.02"]
[Round "5"]
[White "Cuenca Jimenez, Jose Fernando"]
[Black "Santos, Jose Alves"]
[Result "1-0"]
[WhiteElo "2453"]
[BlackElo "2246"]
[PlyCount "119"]
[EventDate "2010.03.31"]
[EventType "swiss"]
[EventRounds "9"]
[EventCountry "ESP"]
[SourceTitle "CBM 135 Extra"]
[Source "ChessBase"]
[SourceDate "2010.05.04"]
[SourceVersion "1"]
[SourceVersionDate "2010.05.04"]
[SourceQuality "1"]

1. Nf3 d5 2. d4 e6 3. c4 c6 4. Nc3 f5 5. Bf4 Nf6 6. e3 Be7 7. Qc2 Ne4 8. Bd3
Nd7 9. g4 Qa5 10. gxf5 exf5 11. cxd5 Nxc3 12. bxc3 Qxd5 13. Ke2 Nf6 14. Ne5 Nh5
15. Bg3 Rf8 16. f3 Bf6 17. Bc4 Qd6 18. Nd3 Qe7 19. Be5 Be6 20. Bxe6 Qxe6 21.
Rab1 b6 22. Qb3 Qxb3 23. Rxb3 Kd7 24. a4 Bxe5 25. Nxe5+ Ke7 26. a5 f4 27. e4
Nf6 28. Rg1 Rg8 29. Rg5 bxa5 30. Nd3 a4 31. Ra3 g6 32. Rxa4 Rgb8 33. Rga5 Rb7
34. Ra2 Nd7 35. Nxf4 Nb6 36. Nd3 Nc8 37. Nb4 Kd7 38. Nd3 Rb5 39. Ra6 Rh5 40.
Ne5+ Ke8 41. Ng4 Rh3 42. Ke3 Ne7 43. Ne5 g5 44. Rxa7 Rxa7 45. Rxa7 Ng6 46. Nxg6
hxg6 47. Rc7 g4 48. Rxc6 Rxf3+ 49. Ke2 Kf7 50. e5 Rh3 51. Kf2 Rf3+ 52. Ke2 Rh3
53. d5 Rxh2+ 54. Kf1 Rd2 55. Rc7+ Ke8 56. c4 Rd4 57. d6 Kd8 58. c5 Rf4+ 59. Kg2
Re4 60. c6 1-0

[Event "La Roda op 37th"]
[Site "La Roda"]
[Date "2010.04.03"]
[Round "7"]
[White "Cuenca Jimenez, Jose Fernando"]
[Black "Almeida Quintana, Omar"]
[Result "1-0"]
[WhiteElo "2453"]
[BlackElo "2540"]
[PlyCount "71"]
[EventDate "2010.03.31"]
[EventType "swiss"]
[EventRounds "9"]
[EventCountry "ESP"]
[SourceTitle "CBM 135 Extra"]
[Source "ChessBase"]
[SourceDate "2010.05.04"]
[SourceVersion "1"]
[SourceVersionDate "2010.05.04"]
[SourceQuality "1"]

1. Nf3 g6 2. c4 Bg7 3. d4 c5 4. d5 d6 5. g3 Nf6 6. Nc3 O-O 7. Bg2 e6 8. O-O
exd5 9. cxd5 Na6 10. Nd2 Nc7 11. a4 b6 12. Nc4 Ba6 13. Qb3 Re8 14. Bf4 Bxc4 15.
Qxc4 a6 16. b4 Nh5 17. Bd2 b5 18. axb5 Nxb5 19. bxc5 dxc5 20. Rac1 Nd6 21. Qxc5
Rc8 22. Qb4 f5 23. Bf3 Nf6 24. Bf4 Bf8 25. Qb3 h6 26. h4 Nd7 27. Na4 Rb8 28.
Qd3 Ne5 29. Bxe5 Rxe5 30. Nc5 g5 31. Ne6 Qf6 32. hxg5 hxg5 33. Rc6 Rb7 34. Qxa6
Rd7 35. Rb1 Be7 36. Rb8+ 1-0

[Event "La Roda op 37th"]
[Site "La Roda"]
[Date "2010.04.04"]
[Round "8"]
[White "Aloma Vidal, Roberto"]
[Black "Cuenca Jimenez, Jose Fernando"]
[Result "0-1"]
[WhiteElo "2462"]
[BlackElo "2453"]
[PlyCount "116"]
[EventDate "2010.03.31"]
[EventType "swiss"]
[EventRounds "9"]
[EventCountry "ESP"]
[SourceTitle "CBM 135 Extra"]
[Source "ChessBase"]
[SourceDate "2010.05.04"]
[SourceVersion "1"]
[SourceVersionDate "2010.05.04"]
[SourceQuality "1"]

1. d4 Nf6 2. c4 g6 3. g3 Bg7 4. Bg2 O-O 5. Nc3 d6 6. Nf3 c6 7. O-O Qb6 8. b3
Qa5 9. Bb2 Qh5 10. e4 Bh3 11. Bxh3 Qxh3 12. Ng5 Qg4 13. Qxg4 Nxg4 14. h3 Nh6
15. Rad1 Na6 16. f4 Nc7 17. g4 f6 18. Nf3 Nf7 19. Kg2 Rad8 20. d5 e5 21. dxe6
Nxe6 22. f5 Nc7 23. Ne2 Rfe8 24. Ng3 d5 25. exd5 cxd5 26. c5 Na6 27. Ba3 Bf8
28. b4 b6 29. Nd4 bxc5 30. Ne6 Rc8 31. Nxf8 Rxf8 32. bxc5 Ne5 33. fxg6 hxg6 34.
Rxd5 Nc7 35. Rdd1 Nb5 36. Bb4 Nc4 37. Rf3 a5 38. a4 axb4 39. axb5 Rxc5 40. Ne4
Rxb5 41. Nxf6+ Rxf6 42. Rd8+ Kf7 43. Rb3 Rd6 44. Rf3+ Ke7 45. Rg8 Ne5 46. Rff8
Ke6 47. Rb8 Rxb8 48. Rxb8 Nc6 49. Rb6 Kd5 50. h4 Kc5 51. Rb7 Kc4 52. Kf3 b3 53.
h5 gxh5 54. gxh5 Nd4+ 55. Kg4 Nb5 56. Rf7 b2 57. Rf1 Nc3 58. Kg5 Nd1 0-1

[Event "ESP-ch Universities"]
[Site "Leon"]
[Date "2010.05.03"]
[Round "1"]
[White "Cuenca Jimenez, Jose Fernando"]
[Black "Esteve Sanchez, Sergio"]
[Result "1-0"]
[WhiteElo "2453"]
[BlackElo "2076"]
[PlyCount "65"]
[EventDate "2010.05.03"]
[EventType "swiss"]
[EventRounds "9"]
[EventCountry "ESP"]
[SourceTitle "CBM 136 Extra"]
[Source "ChessBase"]
[SourceDate "2010.07.02"]
[SourceVersion "2"]
[SourceVersionDate "2010.07.15"]
[SourceQuality "1"]

1. Nf3 Nf6 2. c4 b6 3. g3 Bb7 4. Bg2 e6 5. O-O c5 6. d4 cxd4 7. Qxd4 Nc6 8. Qf4
d5 9. cxd5 Nxd5 10. Qa4 a6 11. e4 b5 12. Qc2 Nf6 13. Rd1 Qb6 14. Be3 Qc7 15.
Nc3 Rc8 16. Rac1 Qb8 17. Qb1 Ng4 18. Qd3 Rd8 19. Qe2 Nxe3 20. Qxe3 Be7 21.
Rxd8+ Qxd8 22. a4 b4 23. Ne2 e5 24. h4 O-O 25. Kh2 Qa5 26. b3 Rd8 27. Kg1 Qc7
28. Bh3 Qd6 29. Qb6 Rb8 30. Kg2 Bd8 31. Qe3 Ba8 32. Qd2 Qxd2 33. Nxd2 1-0

[Event "ESP-ch Universities"]
[Site "Leon"]
[Date "2010.05.03"]
[Round "2"]
[White "Gimeno Higueras, Roberto"]
[Black "Cuenca Jimenez, Jose Fernando"]
[Result "0-1"]
[WhiteElo "2186"]
[BlackElo "2453"]
[PlyCount "76"]
[EventDate "2010.05.03"]
[EventType "swiss"]
[EventRounds "9"]
[EventCountry "ESP"]
[SourceTitle "CBM 136 Extra"]
[Source "ChessBase"]
[SourceDate "2010.07.02"]
[SourceVersion "2"]
[SourceVersionDate "2010.07.15"]
[SourceQuality "1"]

1. e4 d6 2. b3 c5 3. Bb2 Nc6 4. Nf3 Nf6 5. e5 dxe5 6. Nxe5 Nxe5 7. Bxe5 Nd7 8.
Bb2 Qc7 9. Qf3 e6 10. a4 Rb8 11. Qg3 Qxg3 12. hxg3 b6 13. Bd3 Bb7 14. Kf1 a6
15. Rh4 Nf6 16. Be5 Rc8 17. Na3 Nd7 18. Bb2 h6 19. Nc4 Rg8 20. Bh7 Rh8 21. Bd3
Kd8 22. Re1 Bd5 23. Ne3 Bb7 24. Nc4 Rb8 25. Rg4 h5 26. Rh4 Rh6 27. g4 hxg4 28.
Rxg4 Rh1+ 29. Ke2 Rxe1+ 30. Kxe1 f6 31. f3 Kc7 32. Ne3 Ra8 33. Be4 b5 34. Bxb7
Kxb7 35. Ke2 Kc6 36. a5 Re8 37. Rg6 Re7 38. g4 Rf7 0-1

[Event "ESP-ch Universities"]
[Site "Leon"]
[Date "2010.05.03"]
[Round "3"]
[White "Cuenca Jimenez, Jose Fernando"]
[Black "Camacho Collados, Marcos"]
[Result "0-1"]
[WhiteElo "2453"]
[BlackElo "2279"]
[PlyCount "67"]
[EventDate "2010.05.03"]
[EventType "swiss"]
[EventRounds "9"]
[EventCountry "ESP"]
[SourceTitle "CBM 136 Extra"]
[Source "ChessBase"]
[SourceDate "2010.07.02"]
[SourceVersion "2"]
[SourceVersionDate "2010.07.15"]
[SourceQuality "1"]

1. Nf3 b6 2. g3 Bb7 3. Bg2 g6 4. O-O Bg7 5. c4 e5 6. Nc3 Ne7 7. d4 exd4 8. Nxd4
Bxg2 9. Kxg2 O-O 10. Be3 d5 11. Bg5 dxc4 12. Ndb5 Nbc6 13. Qxd8 Rfxd8 14. Nxc7
Rac8 15. Na6 f6 16. Bc1 Nd5 17. Nb5 f5 18. a3 Nd4 19. Nxd4 Bxd4 20. Nb4 Bf6 21.
Nc2 b5 22. f3 Nb6 23. Rb1 Na4 24. Kf2 Rd7 25. h3 Rcd8 26. Re1 Rd1 27. Ne3 R1d7
28. Nc2 Kf7 29. Rf1 Rd1 30. Ne3 Rxf1+ 31. Kxf1 Nc5 32. Ke1 Nb3 33. Nd1 a6 34.
Be3 0-1

[Event "ESP-ch Universities"]
[Site "Leon"]
[Date "2010.05.04"]
[Round "6"]
[White "Cuenca Jimenez, Jose Fernando"]
[Black "Sanchez Jerez, Emilio Miguel"]
[Result "1-0"]
[WhiteElo "2453"]
[BlackElo "2313"]
[PlyCount "37"]
[EventDate "2010.05.03"]
[EventType "swiss"]
[EventRounds "9"]
[EventCountry "ESP"]
[SourceTitle "CBM 136 Extra"]
[Source "ChessBase"]
[SourceDate "2010.07.02"]
[SourceVersion "2"]
[SourceVersionDate "2010.07.15"]
[SourceQuality "1"]

1. Nf3 Nf6 2. c4 g6 3. Nc3 Bg7 4. e4 d6 5. d4 O-O 6. Be2 e5 7. d5 Na6 8. O-O
Nc5 9. Qc2 a5 10. Bg5 h6 11. Be3 Nh5 12. g3 f5 13. Nh4 Nf4 14. Bxf4 exf4 15.
Nxg6 fxe4 16. Nxf8 f3 17. Ne6 Bxe6 18. dxe6 Nxe6 19. Qxe4 1-0

[Event "ESP-ch Universities"]
[Site "Leon"]
[Date "2010.05.04"]
[Round "7"]
[White "Garrido Dominguez, Jesus"]
[Black "Cuenca Jimenez, Jose Fernando"]
[Result "0-1"]
[WhiteElo "2416"]
[BlackElo "2453"]
[PlyCount "65"]
[EventDate "2010.05.03"]
[EventType "swiss"]
[EventRounds "9"]
[EventCountry "ESP"]
[SourceTitle "CBM 136 Extra"]
[Source "ChessBase"]
[SourceDate "2010.07.02"]
[SourceVersion "2"]
[SourceVersionDate "2010.07.15"]
[SourceQuality "1"]

1. e4 d6 2. d4 Nf6 3. Nc3 e5 4. dxe5 dxe5 5. Qxd8+ Kxd8 6. Bg5 Be7 7. Bc4 Rf8
8. O-O-O+ Nbd7 9. Nf3 Ne8 10. Be3 Nd6 11. Bb3 c6 12. Rd3 Kc7 13. Rhd1 b5 14.
Ng5 h6 15. Be6 Nf6 16. Bxc8 hxg5 17. Ba6 Nc4 18. a4 Nxe3 19. fxe3 b4 20. Ne2
Kb6 21. Bc4 Nxe4 22. Rd7 Bc5 23. b3 Nf6 24. Rxf7 Bxe3+ 25. Kb2 Rxf7 26. Bxf7 g4
27. Rd3 Bc5 28. Bg6 Rh8 29. h3 e4 30. Rd1 gxh3 31. gxh3 Rxh3 32. Nf4 Rg3 33.
Bf7 0-1

[Event "ESP-ch Universities"]
[Site "Leon"]
[Date "2010.05.04"]
[Round "8"]
[White "Cuenca Jimenez, Jose Fernando"]
[Black "Llaneza Vega, Marcos"]
[Result "0-1"]
[WhiteElo "2453"]
[BlackElo "2514"]
[PlyCount "64"]
[EventDate "2010.05.03"]
[EventType "swiss"]
[EventRounds "9"]
[EventCountry "ESP"]
[SourceTitle "CBM 136 Extra"]
[Source "ChessBase"]
[SourceDate "2010.07.02"]
[SourceVersion "2"]
[SourceVersionDate "2010.07.15"]
[SourceQuality "1"]

1. Nf3 Nf6 2. c4 g6 3. Nc3 d5 4. Qa4+ Bd7 5. Qb3 dxc4 6. Qxc4 Bg7 7. e4 O-O 8.
d4 Nc6 9. Be2 Bg4 10. Be3 Nd7 11. O-O-O a5 12. h3 Bxf3 13. gxf3 Nb6 14. Qc5 e6
15. Bb5 Nd7 16. Qc4 Nb6 17. Qd3 a4 18. a3 Qe7 19. Qc2 Rfd8 20. Ne2 Na5 21. Kb1
c6 22. Bxa4 Nbc4 23. Bc1 b5 24. Bb3 e5 25. d5 cxd5 26. exd5 Rdc8 27. Qd3 Nb7
28. Bxc4 bxc4 29. Qc2 Nd6 30. Nc3 Rcb8 31. Ka2 f5 32. Rhe1 Rb3 0-1